000 01123nam0a22002891 4500
001 rc\3202395
005 20260410160555.0
021 _aRU
_b[76-23447]
035 _a(NLR Aleph) 007462554
090 _a7332466
_c7332466
100 _a20130115d1976 |||y0rusy50 ca
101 0 _arus
102 _aRU
105 _aa z |||||
200 1 _aПрофилактика ревматизма
_fВ.С. Гасилин, чл.-кор. АМН СССР, А.И. Романов, канд. мед. наук, доц.
210 _aМосква
_cЗнание
_d1976
215 _a95 с.
_cил.
_d16
225 1 _aНародный университет
_eФак. здоровья
_v№ 3
606 _aРевматизм
_xПрофилактика и борьба
_2psbo
700 1 _aГасилин
_bВ. С.
_gВладимир Сергеевич
701 1 _aРоманов
_bА. И.
_cканд. мед. наук, реабилитолог
_gАнатолий Иванович
_3RU\NLR\AUTH\770292183
801 0 _aRU
_bNLR
_gpsbo
801 1 _aRU
_bELAR
_2rusmarc
852 _aNLR
_j76-2/1488
942 _cBOOK
980 _aNB